[Event "BPB Limburg open B"]
[Site "Maastricht"]
[Date "2014.06.09"]
[Round "6"]
[White "Alvarez Carbajales, Fermin"]
[Black "Broekmeulen, Joris"]
[Result "1/2-1/2"]
[WhiteElo "1952"]
[BlackElo "2035"]
[PlyCount "40"]
[EventDate "2014.06.06"]
[EventType "swiss"]
[EventRounds "7"]
[EventCountry "NED"]
[Source "P.Boonen"]
[SourceDate "2014.10.10"]

1. e4 d6 2. d4 Nf6 3. Nc3 e5 4. Nf3 Nbd7 5. Bc4 Be7 6. O-O O-O 7. Qe2 c6 8. a4
h6 9. Rd1 Qc7 10. h3 a5 11. Bb3 exd4 12. Nxd4 Nc5 13. Bc4 Re8 14. Nb3 Ncd7 15.
Nd4 Bf8 16. Bf4 Ne5 17. Bb3 Nfd7 18. Qh5 Nf6 19. Qe2 Nfd7 20. Qh5 Nf6 1/2-1/2

[Event "BPB Limburg open B"]
[Site "Maastricht"]
[Date "2014.06.09"]
[Round "6"]
[White "Arns, Danny"]
[Black "Moog, Gerhard"]
[Result "1-0"]
[WhiteElo "1781"]
[BlackElo "1898"]
[PlyCount "89"]
[EventDate "2014.06.06"]
[EventType "swiss"]
[EventRounds "7"]
[EventCountry "NED"]
[Source "P.Boonen"]
[SourceDate "2014.10.10"]

1. e4 c6 2. d4 d5 3. e5 Bf5 4. Nf3 h6 5. Be2 e6 6. Nbd2 Nd7 7. O-O g5 8. Ne1
Qb6 9. Nb3 c5 10. a4 c4 11. a5 Qc6 12. Nd2 b5 13. f4 Bg6 14. Ndf3 g4 15. Nh4 h5
16. f5 exf5 17. Nxf5 Qe6 18. Nh4 Be4 19. Bg5 Be7 20. Bxe7 Nxe7 21. g3 a6 22.
Neg2 O-O-O 23. Nf4 Qc6 24. c3 Rdg8 25. Nxh5 Rxh5 26. Rxf7 Qe6 27. Bxg4 Qxg4 28.
Qxg4 Rxg4 29. Rxe7 Rhxh4 30. e6 Nf6 31. Rf7 Rh6 32. Rf1 Rgg6 33. Rf8+ Kc7 34.
e7 Rxg3+ 35. hxg3 Ng4 36. e8=N+ Kc6 37. R8f6+ Nxf6 38. Rxf6+ Rxf6 39. Nxf6 Bg6
40. Ng4 Bf5 41. Ne5+ Kd6 42. Kf2 Ke6 43. Ke3 Kf6 44. Kf4 Bc8 45. g4 1-0

[Event "BPB Limburg open B"]
[Site "Maastricht"]
[Date "2014.06.09"]
[Round "6"]
[White "Bauchmueller, Franz Josef"]
[Black "Kastelein, Gerard"]
[Result "0-1"]
[WhiteElo "1789"]
[BlackElo "1802"]
[PlyCount "102"]
[EventDate "2014.06.06"]
[EventType "swiss"]
[EventRounds "7"]
[EventCountry "NED"]
[Source "P.Boonen"]
[SourceDate "2014.10.10"]

1. e4 Nc6 2. d4 e5 3. d5 Nce7 4. Nf3 Ng6 5. Bc4 Nf6 6. Bg5 Bc5 7. O-O h6 8.
Bxf6 Qxf6 9. Nbd2 O-O 10. c3 Be7 11. h3 Nf4 12. Kh2 d6 13. Ng1 Qg6 14. Qf3 f5
15. Qg3 Qh5 16. Qf3 Qg6 17. Qg3 Qh7 18. Bd3 Nxd3 19. Qxd3 f4 20. Ngf3 g5 21.
Rh1 Bd7 22. Kg1 Rae8 23. Kf1 Rf7 24. Ke2 Qg6 25. Rag1 Rh7 26. Kd1 c6 27. Ne1
Bd8 28. f3 Bb6 29. Rf1 cxd5 30. exd5 Bf5 31. Ne4 Rc7 32. b3 Rec8 33. c4 Ba5 34.
Nc2 b5 35. Na3 a6 36. Ke2 Bb4 37. Nc2 bxc4 38. bxc4 Rxc4 39. Nxb4 Rxb4 40. Rb1
Rxe4+ 41. fxe4 Bxe4 42. Qb3 Bxb1 43. Rxb1 Qe4+ 44. Kf1 Qc4+ 45. Kg1 Qxb3 46.
axb3 Rc5 47. Ra1 a5 48. Rd1 e4 49. Kh2 e3 50. g3 Rb5 51. gxf4 gxf4 {.....} 0-1

[Event "BPB Limburg open B"]
[Site "Maastricht"]
[Date "2014.06.09"]
[Round "6"]
[White "Bekedam, Tyro"]
[Black "Jansen, Ingeborg"]
[Result "1-0"]
[WhiteElo "1809"]
[BlackElo "1842"]
[PlyCount "81"]
[EventDate "2014.06.06"]
[EventType "swiss"]
[EventRounds "7"]
[EventCountry "NED"]
[Source "P.Boonen"]
[SourceDate "2014.10.10"]

1. e4 e5 2. Nf3 d6 3. d4 exd4 4. Nxd4 g6 5. Bc4 Bg7 6. O-O Nc6 7. Be3 Nf6 8.
Nc3 Ne5 9. Be2 O-O 10. h3 Re8 11. f4 Ned7 12. Bd3 Nc5 13. Qf3 Qe7 14. Rfe1
Nfxe4 15. Bf2 f5 16. b4 Ne6 17. Bxe4 Nxd4 18. Bd5+ Kf8 19. Qd3 Qf6 20. Rxe8+
Kxe8 21. Re1+ Kf8 22. Nb5 Nxb5 23. Qxb5 Qd8 24. Bh4 Bd4+ 25. Kh2 Qxh4 26. Qe8+
Kg7 27. Re7+ Qxe7 28. Qxe7+ Kh6 29. g4 fxg4 30. hxg4 Bxg4 31. Qg5+ Kg7 32. Qxg4
Rf8 33. Qd7+ Kh6 34. Qxc7 Rxf4 35. Qxd6 Rf5 36. Qd8 Be5+ 37. Kg2 Bf6 38. Qd7
Bh4 39. Bxb7 Rf2+ 40. Kh3 g5 41. Be4 1-0

[Event "BPB Limburg open B"]
[Site "Maastricht"]
[Date "2014.06.09"]
[Round "6"]
[White "Bettman, Jan"]
[Black "Staudte, Rainer"]
[Result "1-0"]
[WhiteElo "1842"]
[BlackElo "1915"]
[PlyCount "65"]
[EventDate "2014.06.06"]
[EventType "swiss"]
[EventRounds "7"]
[EventCountry "NED"]
[Source "P.Boonen"]
[SourceDate "2014.10.10"]

1. e4 c5 2. g3 Nc6 3. Bg2 g6 4. c3 Bg7 5. Nf3 e6 6. O-O Nge7 7. d4 cxd4 8. cxd4
d5 9. e5 O-O 10. Bg5 Qb6 11. Nc3 h6 12. Bf6 a6 13. Qd2 Qa7 14. a4 Nf5 15. Ne2
Bxf6 16. exf6 Kh7 17. g4 Nd6 18. Ne5 Nxe5 19. dxe5 Nc4 20. Qc3 b6 21. b3 Na5
22. g5 h5 23. Nf4 Rh8 24. Qd3 Kg8 25. Rac1 Qd7 26. Rc2 Bb7 27. Rfc1 Nc6 28.
Nxg6 fxg6 29. Qxg6+ Kf8 30. Rxc6 Bxc6 31. Rxc6 b5 32. Bxd5 Rh7 33. Rd6 1-0

[Event "BPB Limburg open B"]
[Site "Maastricht"]
[Date "2014.06.09"]
[Round "6"]
[White "Beukema, Jasper"]
[Black "Gruschinski, Marc"]
[Result "1-0"]
[WhiteElo "1862"]
[BlackElo "1714"]
[PlyCount "41"]
[EventDate "2014.06.06"]
[EventType "swiss"]
[EventRounds "7"]
[EventCountry "NED"]
[Source "P.Boonen"]
[SourceDate "2014.10.10"]

1. e4 c5 2. Nc3 g6 3. f4 Bg7 4. Nf3 d6 5. Bb5+ Nc6 6. Bxc6+ bxc6 7. d3 Nf6 8.
O-O O-O 9. Qe1 e6 10. e5 Nd5 11. Ne4 dxe5 12. fxe5 Nb4 13. Qf2 f5 14. Nxc5 Qd5
15. d4 Na6 16. Nd3 Rb8 17. c3 c5 18. Nxc5 Nxc5 19. dxc5 Bxe5 20. Nxe5 Qxe5 21.
Bf4 1-0

[Event "BPB Limburg open B"]
[Site "Maastricht"]
[Date "2014.06.09"]
[Round "6"]
[White "Bhattacharjee, Sourav"]
[Black "Fadavian, Marius"]
[Result "1-0"]
[WhiteElo "1934"]
[BlackElo "2040"]
[PlyCount "85"]
[EventDate "2014.06.06"]
[EventType "swiss"]
[EventRounds "7"]
[EventCountry "NED"]
[Source "P.Boonen"]
[SourceDate "2014.10.10"]

1. e4 e6 2. d3 b6 3. Nf3 Bb7 4. g3 Nf6 5. Bg2 c5 6. Nbd2 Nc6 7. O-O Be7 8. Qe2
O-O 9. Re1 Rc8 10. c3 d6 11. h4 Ba6 12. Nf1 Ne5 13. c4 Re8 14. Bf4 Nfd7 15.
Nxe5 Nxe5 16. Be3 Bf6 17. Nd2 b5 18. Rad1 Qb6 19. b3 Qa5 20. f4 Nc6 21. Nf3 d5
22. e5 Be7 23. cxd5 exd5 24. Bh3 Rcd8 25. d4 c4 26. f5 f6 27. Ng5 fxe5 28. Qh5
Bxg5 29. hxg5 Ne7 30. g6 Qc7 31. Qxh7+ Kf8 32. f6 Ng8 33. fxg7+ Ke7 34. Bg5+
Kd6 35. dxe5+ Kc6 36. Bxd8 Rxd8 37. Bg2 Ne7 38. g8=Q Qb6+ 39. Kh1 Rxg8 40.
Bxd5+ Nxd5 41. Qxg8 Bb7 42. Qe6+ Kc5 43. Qxb6+ 1-0

[Event "BPB Limburg open B"]
[Site "Maastricht"]
[Date "2014.06.09"]
[Round "6"]
[White "Bieberle, Gerhart"]
[Black "Schubert, Karl"]
[Result "0-1"]
[WhiteElo "1923"]
[BlackElo "1925"]
[PlyCount "82"]
[EventDate "2014.06.06"]
[EventType "swiss"]
[EventRounds "7"]
[EventCountry "NED"]
[Source "P.Boonen"]
[SourceDate "2014.10.10"]

1. d4 d6 2. g3 f5 3. f4 Nf6 4. Bg2 c6 5. c4 g6 6. Nf3 Bg7 7. O-O O-O 8. Nc3 Qe8
9. Qc2 Na6 10. a3 Bd7 11. b4 Nc7 12. Bb2 Ne6 13. h3 Nh5 14. d5 cxd5 15. cxd5
Nc7 16. Kh2 Rc8 17. Qd2 Nf6 18. Nd4 h6 19. Rfe1 Na8 20. e4 Rc4 21. e5 dxe5 22.
fxe5 Nh7 23. d6 e6 24. Bxb7 Ng5 25. h4 Nf7 26. Ba6 Nb6 27. Bxc4 Nxc4 28. Qe2
Nfxe5 29. Rad1 Ng4+ 30. Kh3 Nce3 31. Rf1 e5 32. Nc2 Nxc2 33. Qxc2 f4 34. Qb3+
Be6 35. Qa4 Ne3+ 36. Kh2 Qxa4 37. Nxa4 fxg3+ 38. Kg1 Nxd1 39. Rxf8+ Kxf8 40.
Nc5 Kf7 41. Bc1 Bd5 0-1

[Event "BPB Limburg open B"]
[Site "Maastricht"]
[Date "2014.06.09"]
[Round "6"]
[White "Blijlevens, Pim"]
[Black "Taverniers, Peter"]
[Result "1-0"]
[WhiteElo "1934"]
[BlackElo "1686"]
[PlyCount "59"]
[EventDate "2014.06.06"]
[EventType "swiss"]
[EventRounds "7"]
[EventCountry "NED"]
[Source "P.Boonen"]
[SourceDate "2014.10.10"]

1. d4 Nf6 2. Bg5 e6 3. c4 d5 4. Nc3 Be7 5. e3 h6 6. Bh4 O-O 7. Qc2 Nc6 8. a3 a6
9. Nf3 dxc4 10. Bxc4 b5 11. Bd3 Bb7 12. Bxf6 Bxf6 13. Be4 Na5 14. Bxb7 Nxb7 15.
Ne4 c5 16. dxc5 Rc8 17. Rd1 Qa5+ 18. Rd2 b4 19. axb4 Qxb4 20. Nxf6+ gxf6 21. c6
Na5 22. O-O Rxc6 23. Qd3 Nb3 24. Rc2 Rfc8 25. Rxc6 Rxc6 26. Rd1 Nc1 27. Qd8+
Kg7 28. h3 Qxb2 29. Qe8 Ne2+ 30. Kh2 1-0

[Event "BPB Limburg open B"]
[Site "Maastricht"]
[Date "2014.06.09"]
[Round "6"]
[White "Boschmans, Johan"]
[Black "Van Ginneken, Jeroen"]
[Result "1-0"]
[WhiteElo "1878"]
[BlackElo "1753"]
[PlyCount "93"]
[EventDate "2014.06.06"]
[EventType "swiss"]
[EventRounds "7"]
[EventCountry "NED"]
[Source "P.Boonen"]
[SourceDate "2014.10.10"]

1. d4 d5 2. c4 dxc4 3. Nf3 Nf6 4. g3 e6 5. Bg2 c6 6. Qc2 Nbd7 7. Qxc4 Nb6 8.
Qc2 Bb4+ 9. Bd2 Qe7 10. O-O Bd7 11. Rd1 Bxd2 12. Nbxd2 O-O 13. Nb3 Rfd8 14. Nc5
Be8 15. e3 Rac8 16. Rac1 Nbd5 17. Qb3 b6 18. Nd3 Ne4 19. Rc2 c5 20. Rdc1 Rb8
21. Qa3 cxd4 22. Qxe7 Nxe7 23. Nxd4 Nf6 24. Rc7 Rd7 25. Ne5 Rxc7 26. Rxc7 Ned5
27. Rxa7 Rc8 28. Kf1 Rc1+ 29. Ke2 Rb1 30. Nc4 b5 31. Bxd5 exd5 32. Nd6 Rxb2+
33. Kf3 b4 34. Ra8 Kf8 35. N4f5 g6 36. Nxe8 Nxe8 37. Nd6 Rxa2 38. Rxe8+ Kg7 39.
Rb8 Rb2 40. Ne8+ Kh6 41. Nf6 b3 42. h4 Rb1 43. Nxd5 b2 44. Nf4 g5 45. Rb6+ f6
46. hxg5+ Kxg5 47. Nd3 1-0

[Event "BPB Limburg open B"]
[Site "Maastricht"]
[Date "2014.06.09"]
[Round "6"]
[White "Broekhuis, Jan"]
[Black "De Mey, Juan Pablo"]
[Result "1-0"]
[WhiteElo "1842"]
[BlackElo "1946"]
[PlyCount "137"]
[EventDate "2014.06.06"]
[EventType "swiss"]
[EventRounds "7"]
[EventCountry "NED"]
[Source "P.Boonen"]
[SourceDate "2014.10.10"]

1. d4 d6 2. c4 e5 3. e3 Nf6 4. Nf3 Nbd7 5. Nc3 c6 6. Be2 Be7 7. O-O O-O 8. e4
Re8 9. h3 Bf8 10. Qc2 h6 11. Be3 b6 12. d5 c5 13. Qd2 Nh7 14. Bd3 a6 15. Ne2 g5
16. Nh2 Ndf6 17. h4 Nh5 18. hxg5 hxg5 19. Ng3 Nf4 20. Be2 Nf6 21. f3 Bd7 22.
Kf2 b5 23. b3 Be7 24. Rh1 Qc8 25. Rag1 Kg7 26. Nhf1 Qb7 27. Bxf4 gxf4 28. Nh5+
Nxh5 29. Rxh5 Rh8 30. Rxh8 Rxh8 31. g3 fxg3+ 32. Nxg3 Kf8 33. f4 bxc4 34. Bxc4
Bh4 35. fxe5 dxe5 36. Qa5 Bb5 37. Kf3 Bd8 38. Qc3 f6 39. Bxb5 Qxb5 40. a4 Qb6
41. Rh1 Rxh1 42. Nxh1 f5 43. Ng3 fxe4+ 44. Nxe4 Be7 45. Ke2 Qc7 46. Qf3+ Ke8
47. Qh5+ Kd8 48. Qh8+ Kd7 49. Qh3+ Kd8 50. Qe6 Qb7 51. Nd2 Qb8 52. Qg8+ Kc7 53.
Qxb8+ Kxb8 54. Nc4 Kc7 55. Kd3 Bf6 56. Ke4 Kd7 57. Nxe5+ Kd6 58. Nc4+ Kd7 59.
Kf5 Bh4 60. Ke4 Bf6 61. Ne5+ Kd6 62. Nf7+ Kd7 63. Nh6 Bg7 64. Nf5 Bf6 65. Kd3
Bd8 66. Kc4 Bb6 67. Ng7 Ba7 68. Ne6 Kd6 69. a5 1-0

[Event "BPB Limburg open B"]
[Site "Maastricht"]
[Date "2014.06.09"]
[Round "6"]
[White "Broekhuizen, Pieter"]
[Black "Van Zwet, Matthias"]
[Result "1-0"]
[WhiteElo "1837"]
[BlackElo "1806"]
[PlyCount "89"]
[EventDate "2014.06.06"]
[EventType "swiss"]
[EventRounds "7"]
[EventCountry "NED"]
[Source "P.Boonen"]
[SourceDate "2014.10.10"]

1. d4 g6 2. Nf3 Bg7 3. Bf4 d6 4. e3 Nd7 5. Bd3 e5 6. Bg5 Bf6 7. h4 h6 8. Bxf6
Ngxf6 9. Nbd2 Qe7 10. dxe5 dxe5 11. e4 b6 12. Bb5 Bb7 13. O-O O-O-O 14. Qe2 g5
15. Bd3 Rdg8 16. a4 Nh5 17. Ba6 Nf4 18. Bxb7+ Kxb7 19. Qb5 a6 20. Qb3 gxh4 21.
Nc4 Rxg2+ 22. Kh1 Ka7 23. a5 Qe6 24. axb6+ cxb6 25. Nfxe5 Rg3 26. Nc6+ Qxc6 27.
Rxa6+ Kb8 28. fxg3 Qxe4+ 29. Qf3 Qxf3+ 30. Rxf3 Nd5 31. Rxf7 Rd8 32. gxh4 Kb7
33. Ra3 Kc6 34. Rh7 Re8 35. Rxh6+ Kc5 36. Nd6 Re1+ 37. Kh2 Re2+ 38. Kg3 Rxc2
39. Ne4+ Kd4 40. Ra4+ Ke3 41. Rd6 Nc5 42. Nxc5 Rxc5 43. Kg4 b5 44. Ra3+ Kd2 45.
Rc3 1-0

[Event "BPB Limburg open B"]
[Site "Maastricht"]
[Date "2014.06.09"]
[Round "6"]
[White "Coenen, Bert"]
[Black "De Feijter, Bas"]
[Result "1/2-1/2"]
[WhiteElo "1852"]
[BlackElo "1894"]
[PlyCount "45"]
[EventDate "2014.06.06"]
[EventType "swiss"]
[EventRounds "7"]
[EventCountry "NED"]
[Source "P.Boonen"]
[SourceDate "2014.10.10"]

1. e4 c5 2. c3 Nf6 3. d3 Nc6 4. Nf3 e6 5. Nbd2 d5 6. Be2 Qc7 7. O-O Bd6 8. Re1
O-O 9. a3 Rd8 10. Qc2 Rb8 11. b4 dxe4 12. dxe4 Ne5 13. Nxe5 Bxe5 14. Nf3 cxb4
15. Nxe5 Qxe5 16. axb4 a6 17. Bf3 b5 18. Be3 Bb7 19. Qc1 Qc7 20. e5 Nd5 21.
Bxd5 Rxd5 22. Bd4 Qc6 23. Qg5 1/2-1/2

[Event "BPB Limburg open B"]
[Site "Maastricht"]
[Date "2014.06.09"]
[Round "6"]
[White "Dalemans, Diana"]
[Black "Slijper, Thomas"]
[Result "1/2-1/2"]
[WhiteElo "1965"]
[BlackElo "1861"]
[PlyCount "54"]
[EventDate "2014.06.06"]
[EventType "swiss"]
[EventRounds "7"]
[EventCountry "NED"]
[Source "P.Boonen"]
[SourceDate "2014.10.10"]

1. e4 c6 2. Nf3 d5 3. Nc3 Bg4 4. h3 Bxf3 5. Qxf3 Nf6 6. g3 e6 7. Bg2 Be7 8. O-O
O-O 9. Re1 dxe4 10. Nxe4 Nxe4 11. Qxe4 Nd7 12. d4 Nf6 13. Qd3 Re8 14. c3 Qb6
15. Qc2 Rad8 16. Bg5 h6 17. Be3 Nd5 18. Bxd5 cxd5 19. Bf4 Rc8 20. Qd2 Bd6 21.
Bxd6 Qxd6 22. Re3 Rb8 23. a4 Qa6 24. Ree1 Rbc8 25. Rec1 Rc7 26. Rcb1 Rec8 27.
Qd1 Rc4 1/2-1/2

[Event "BPB Limburg open B"]
[Site "Maastricht"]
[Date "2014.06.09"]
[Round "6"]
[White "Eben, Jonathan"]
[Black "Verhoef, Ruud"]
[Result "1/2-1/2"]
[WhiteElo "1806"]
[BlackElo "1919"]
[PlyCount "117"]
[EventDate "2014.06.06"]
[EventType "swiss"]
[EventRounds "7"]
[EventCountry "NED"]
[Source "P.Boonen"]
[SourceDate "2014.10.10"]

1. e4 e5 2. Nf3 Nf6 3. Nc3 Bb4 4. d3 d5 5. Bd2 d4 6. Ne2 Bxd2+ 7. Qxd2 Qd6 8.
Ng3 Nc6 9. a3 Ne7 10. Nh4 h6 11. Be2 Be6 12. h3 O-O-O 13. Qb4 Kb8 14. Qxd6 Rxd6
15. O-O-O g5 16. Nf3 Ng6 17. Rde1 Nd7 18. Nh5 a5 19. Ng7 Rg8 20. Nxe6 Rxe6 21.
g3 Ne7 22. Nd2 b5 23. Bg4 Rd6 24. Bxd7 Rxd7 25. Nf3 f6 26. Kd2 c5 27. b3 Rc8
28. Rb1 Ka7 29. Rhc1 c4 30. bxc4 bxc4 31. dxc4 Rxc4 32. Rb5 Ka6 33. Rcb1 Rc6
34. Rb8 Nc8 35. Ra8+ Ra7 36. Rxa7+ Nxa7 37. Rb3 Nb5 38. Kd3 a4 39. Rb2 Rc3+ 40.
Ke2 Nxa3 41. Ne1 Nb5 42. Nd3 a3 43. Ra2 Ka5 44. Kd2 Nd6 45. f3 Nc4+ 46. Kc1 Ne3
47. f4 gxf4 48. gxf4 Nc4 49. fxe5 Nxe5 50. Nf4 Rf3 51. Nd5 Nc4 52. Kd1 Ne3+ 53.
Ke2 Rxh3 54. Rxa3+ Kb5 55. Nxe3 Rxe3+ 56. Rxe3 dxe3 57. Kxe3 Kc4 58. e5 fxe5
59. Ke4 1/2-1/2

[Event "BPB Limburg open B"]
[Site "Maastricht"]
[Date "2014.06.09"]
[Round "6"]
[White "Eveleens, Ed"]
[Black "Been, Klaas"]
[Result "1-0"]
[WhiteElo "1779"]
[BlackElo "1799"]
[PlyCount "45"]
[EventDate "2014.06.06"]
[EventType "swiss"]
[EventRounds "7"]
[EventCountry "NED"]
[Source "P.Boonen"]
[SourceDate "2014.10.10"]

1. e4 e5 2. Nf3 Nc6 3. d4 exd4 4. Bc4 d6 5. c3 h6 6. cxd4 Nf6 7. Qb3 Qe7 8. O-O
Na5 9. Qb5+ Nc6 10. d5 a6 11. Qa4 Bd7 12. dxc6 Bxc6 13. Qb3 Nxe4 14. Bd5 Nc5
15. Bxc6+ bxc6 16. Qc2 O-O-O 17. Nd4 Kb7 18. b4 Qe5 19. bxc5 Qxd4 20. Nc3 d5
21. Be3 Qc4 22. Rab1+ Ka7 23. Qb2 1-0

[Event "BPB Limburg open B"]
[Site "Maastricht"]
[Date "2014.06.09"]
[Round "6"]
[White "Fortenbacher, Florian"]
[Black "Boom, Harrie"]
[Result "1/2-1/2"]
[WhiteElo "1584"]
[BlackElo "1765"]
[PlyCount "54"]
[EventDate "2014.06.06"]
[EventType "swiss"]
[EventRounds "7"]
[EventCountry "NED"]
[Source "P.Boonen"]
[SourceDate "2014.10.10"]

1. e4 c5 2. Nf3 d6 3. d4 cxd4 4. Nxd4 Nf6 5. Nc3 e6 6. Be3 Be7 7. f3 Nc6 8. Qd2
a6 9. a4 Bd7 10. Nb3 Na5 11. Nd4 Rc8 12. Bd3 Nc4 13. Bxc4 Rxc4 14. b3 Rc7 15.
Na2 Qc8 16. c4 O-O 17. O-O Bc6 18. Rac1 Nd7 19. Nxc6 bxc6 20. Rfd1 c5 21. Nc3
Rb7 22. Rb1 Nb8 23. Ne2 Nc6 24. Bg5 f6 25. Bf4 Rd8 26. Qc3 Qb8 27. Nc1 Rb4
1/2-1/2

[Event "BPB Limburg open B"]
[Site "Maastricht"]
[Date "2014.06.09"]
[Round "6"]
[White "Freer, Glenn"]
[Black "Marechal, Georges"]
[Result "1-0"]
[WhiteElo "1824"]
[BlackElo "1755"]
[PlyCount "59"]
[EventDate "2014.06.06"]
[EventType "swiss"]
[EventRounds "7"]
[EventCountry "NED"]
[Source "P.Boonen"]
[SourceDate "2014.10.10"]

1. e4 c6 2. d4 d5 3. Nc3 dxe4 4. Nxe4 Bf5 5. Ng3 Bg6 6. Nf3 Nd7 7. Bc4 e6 8.
O-O Bd6 9. Re1 Ne7 10. Qe2 Bxg3 11. hxg3 Nd5 12. a3 O-O 13. Ba2 Re8 14. c4 N5f6
15. Bd2 Qb6 16. Bc3 h6 17. b4 Ne4 18. Bb2 Ndf6 19. Ne5 a5 20. Nxg6 fxg6 21. Bb1
Ng5 22. Bxg6 Re7 23. Bc3 a4 24. Rad1 Rf8 25. b5 Nd7 26. Bb4 c5 27. dxc5 Nxc5
28. Qe3 Rc8 29. Rd2 e5 30. Bxc5 1-0

[Event "BPB Limburg open B"]
[Site "Maastricht"]
[Date "2014.06.09"]
[Round "6"]
[White "Freer, Robert"]
[Black "Holwijn, Melvin"]
[Result "1/2-1/2"]
[WhiteElo "1863"]
[BlackElo "1983"]
[PlyCount "73"]
[EventDate "2014.06.06"]
[EventType "swiss"]
[EventRounds "7"]
[EventCountry "NED"]
[Source "P.Boonen"]
[SourceDate "2014.10.10"]

1. e4 d6 2. d4 Nf6 3. Nc3 g6 4. Be3 Ng4 5. Bg5 Bg7 6. f3 Nf6 7. Qd2 Nc6 8. Bc4
a6 9. Nge2 b5 10. Bb3 Na5 11. Bh6 O-O 12. h4 c5 13. a3 Nxb3 14. cxb3 cxd4 15.
Nxd4 Qb6 16. Nde2 Be6 17. h5 Bxb3 18. hxg6 fxg6 19. Bxg7 Kxg7 20. Nd5 Bxd5 21.
exd5 Kg8 22. Nf4 Rf7 23. O-O-O b4 24. a4 b3 25. Kb1 a5 26. Ne6 Qb4 27. Qd4 Qxd4
28. Rxd4 Rc8 29. Rc1 Rxc1+ 30. Kxc1 Nd7 31. Kd2 Rf5 32. Kc3 Nc5 33. Nxc5 dxc5
34. Rd2 Rf4 35. Kxb3 Rb4+ 36. Kc3 Rxa4 37. d6 1/2-1/2

[Event "BPB Limburg open B"]
[Site "Maastricht"]
[Date "2014.06.09"]
[Round "6"]
[White "Glasbeek, Steven"]
[Black "Seip, Rien"]
[Result "0-1"]
[WhiteElo "1847"]
[BlackElo "2005"]
[PlyCount "66"]
[EventDate "2014.06.06"]
[EventType "swiss"]
[EventRounds "7"]
[EventCountry "NED"]
[Source "P.Boonen"]
[SourceDate "2014.10.10"]

1. c4 g6 2. Nc3 Bg7 3. g3 Nf6 4. Bg2 O-O 5. d3 d6 6. e3 Nc6 7. Nge2 e5 8. O-O
Be6 9. Nd5 Rb8 10. Rb1 Ne7 11. Nec3 c6 12. Nxe7+ Qxe7 13. Qa4 a6 14. b3 Qd7 15.
Rd1 Bh3 16. Bh1 Nh5 17. Ba3 f5 18. c5 f4 19. cxd6 fxe3 20. fxe3 Qf5 21. Qc4+
Kh8 22. Ne4 Bh6 23. Qc1 Nf6 24. Qd2 Ng4 25. Bc5 b6 26. Bg2 Bxg2 27. Qxg2 bxc5
28. Rf1 Bxe3+ 29. Kh1 Qe6 30. h3 Nf6 31. Kh2 Bd4 32. Nxf6 Rxf6 33. Qxc6 Rbf8
0-1

[Event "BPB Limburg open B"]
[Site "Maastricht"]
[Date "2014.06.09"]
[Round "6"]
[White "Gorts, Sven"]
[Black "Goes, Dirk"]
[Result "1/2-1/2"]
[WhiteElo "1916"]
[BlackElo "1946"]
[PlyCount "52"]
[EventDate "2014.06.06"]
[EventType "swiss"]
[EventRounds "7"]
[EventCountry "NED"]
[Source "P.Boonen"]
[SourceDate "2014.10.10"]

1. e4 Nf6 2. Nc3 d5 3. exd5 Nxd5 4. Bc4 Nb6 5. Bb3 Nc6 6. Nf3 Bf5 7. Nh4 Bg6 8.
Nxg6 hxg6 9. Qf3 e6 10. d3 Qf6 11. Qxf6 gxf6 12. Be3 O-O-O 13. a3 Nd4 14. Bxd4
Rxd4 15. h3 c6 16. Rd1 f5 17. Ne2 Rdh4 18. Ng1 Bg7 19. Nf3 R4h5 20. c3 g5 21.
Rg1 g4 22. hxg4 fxg4 23. Nd2 Be5 24. d4 Bd6 25. a4 Kc7 26. Nc4 Nxc4 1/2-1/2

[Event "BPB Limburg open B"]
[Site "Maastricht"]
[Date "2014.06.09"]
[Round "6"]
[White "Gunther, Marcella"]
[Black "Coenen, Siegfried"]
[Result "1-0"]
[WhiteElo "1922"]
[BlackElo "1992"]
[PlyCount "89"]
[EventDate "2014.06.06"]
[EventType "swiss"]
[EventRounds "7"]
[EventCountry "NED"]
[Source "P.Boonen"]
[SourceDate "2014.10.10"]

1. e4 e5 2. Nf3 Nf6 3. Nxe5 d6 4. Nf3 Nxe4 5. d3 Nf6 6. Be2 Be7 7. O-O O-O 8.
d4 d5 9. Nc3 c6 10. Bd3 Bg4 11. Re1 Nbd7 12. Bg5 Re8 13. Re3 c5 14. Bb5 a6 15.
Bxd7 Qxd7 16. Qd2 Bxf3 17. Rxf3 Ne4 18. Nxe4 dxe4 19. Rg3 cxd4 20. Rd1 Bc5 21.
Bf6 g6 22. Bxd4 Bxd4 23. Qxd4 Qxd4 24. Rxd4 Rad8 25. Rxd8 Rxd8 26. Kf1 Rc8 27.
c3 f5 28. Re3 Kf7 29. Ke2 Kf6 30. f3 exf3+ 31. Rxf3 Rc4 32. Rd3 Rh4 33. h3 Re4+
34. Kf2 h5 35. Rd7 b6 36. Rd6+ Re6 37. Rxe6+ Kxe6 38. h4 Kd5 39. Kf3 b5 40. Kf4
Ke6 41. Kg5 Kf7 42. b3 Ke6 43. Kxg6 f4 44. Kxh5 Kf5 45. c4 1-0

[Event "BPB Limburg open B"]
[Site "Maastricht"]
[Date "2014.06.09"]
[Round "6"]
[White "Hermes, Geoff R"]
[Black "Behr, Rene"]
[Result "1/2-1/2"]
[WhiteElo "1937"]
[BlackElo "1867"]
[PlyCount "95"]
[EventDate "2014.06.06"]
[EventType "swiss"]
[EventRounds "7"]
[EventCountry "NED"]
[Source "P.Boonen"]
[SourceDate "2014.10.10"]

1. e4 c5 2. c3 Nf6 3. e5 Nd5 4. d4 cxd4 5. cxd4 Nc6 6. Bc4 Nb6 7. Bb3 d6 8. Nf3
dxe5 9. d5 Nd4 10. Nc3 Nxb3 11. Qxb3 e6 12. O-O Bd6 13. Ng5 f6 14. Nge4 exd5
15. Nxd5 Nxd5 16. Qxd5 Bc7 17. Qb3 Qd4 18. Ng3 Qb6 19. Qc3 Be6 20. Be3 Qc6 21.
Qxc6+ bxc6 22. Rac1 Bd5 23. b4 Bb6 24. a3 Kf7 25. a4 Bxe3 26. fxe3 Rhb8 27. e4
Be6 28. Rxc6 Rxb4 29. Nf5 Bxf5 30. exf5 Re8 31. Rd1 Re7 32. Rd8 Rf4 33. a5 Rb7
34. g3 Rd4 35. Rxd4 exd4 36. Rd6 Ke7 37. Rxd4 Rb5 38. g4 Rxa5 39. Kg2 Re5 40.
Kf3 a5 41. Kf4 Rb5 42. Ke3 Rb4 43. Rd5 a4 44. Kf3 Rb3+ 45. Kf4 g5+ 46. fxg6
hxg6 47. Ra5 a3 48. h4 1/2-1/2

[Event "BPB Limburg open B"]
[Site "Maastricht"]
[Date "2014.06.09"]
[Round "6"]
[White "Holscher, Peter"]
[Black "Esser, Thomas"]
[Result "1/2-1/2"]
[WhiteElo "2049"]
[BlackElo "1983"]
[PlyCount "69"]
[EventDate "2014.06.06"]
[EventType "swiss"]
[EventRounds "7"]
[EventCountry "NED"]
[Source "P.Boonen"]
[SourceDate "2014.10.10"]

1. d4 Nf6 2. Nf3 c5 3. d5 b5 4. c4 Bb7 5. cxb5 Bxd5 6. Nc3 Bb7 7. Bg5 d5 8. e3
e6 9. Be2 Nbd7 10. O-O Be7 11. Bf4 Nh5 12. Bg3 Nxg3 13. hxg3 O-O 14. Qc2 Rc8
15. Rad1 Qc7 16. Rd2 Rfd8 17. Rfd1 Bf6 18. g4 Ne5 19. Nh2 Ng6 20. Nf3 Be7 21.
Bd3 Rd7 22. Bxg6 hxg6 23. Ne4 Qd8 24. Ng3 Bd6 25. Ne2 d4 26. exd4 Bxf3 27. gxf3
cxd4 28. Qe4 Qh4 29. Rxd4 Qh2+ 30. Kf1 Qh3+ 31. Ke1 Bb4+ 32. Nc3 Rxd4 33. Rxd4
Bxc3+ 34. bxc3 Rxc3 35. Ke2 1/2-1/2

[Event "BPB Limburg open B"]
[Site "Maastricht"]
[Date "2014.06.09"]
[Round "6"]
[White "Ismail, Tamer"]
[Black "Mertens, Andreas"]
[Result "1/2-1/2"]
[WhiteElo "1873"]
[BlackElo "1983"]
[PlyCount "55"]
[EventDate "2014.06.06"]
[EventType "swiss"]
[EventRounds "7"]
[EventCountry "NED"]
[Source "P.Boonen"]
[SourceDate "2014.10.10"]

1. e4 e6 2. d4 d5 3. Nc3 dxe4 4. Nxe4 Bd7 5. c3 Bc6 6. Ng3 Nf6 7. Nf3 Nbd7 8.
Be2 Be7 9. O-O O-O 10. Bf4 b6 11. Ne1 Nd5 12. Bf3 Bb5 13. Bxd5 exd5 14. Nd3 Bg5
15. Re1 Bxd3 16. Bxg5 Qxg5 17. Qxd3 f5 18. f3 f4 19. Nf1 Rf6 20. Re2 Raf8 21.
Rae1 Rg6 22. Qd2 Rf7 23. Re8+ Nf8 24. R1e5 Rf5 25. Rxf5 Qxf5 26. Re5 Qf7 27.
Qe2 Re6 28. a3 1/2-1/2